ELEMENTS OF MERCANTILE LAW (Record no. 25077)

MARC details
000 -LEADER
fixed length control field 00309nam a22001457a 4500
003 - CONTROL NUMBER IDENTIFIER
control field SGT
020 ## - INTERNATIONAL STANDARD BOOK NUMBER
International Standard Book Number 9788180542138
082 ## - DEWEY DECIMAL CLASSIFICATION NUMBER
Classification number 346.4107
Item number KAP
100 ## - MAIN ENTRY--PERSONAL NAME
Personal name KAPOOR , N D
245 ## - TITLE STATEMENT
Title ELEMENTS OF MERCANTILE LAW
250 ## - EDITION STATEMENT
Edition statement 28
260 ## - PUBLICATION, DISTRIBUTION, ETC. (IMPRINT)
Place of publication, distribution, etc DELHI
Name of publisher, distributor, etc SULTAN CHAND
Year of Publication 2007
300 ## - PAGE DESCRIPTION
No. of Pages 618
942 ## - ADDED ENTRY ELEMENTS (KOHA)
Source of classification or shelving scheme Dewey Decimal Classification
Koha item type Books
Holdings
Withdrawn status Lost status Source of classification or shelving scheme Damaged status Not for loan Collection code Home library Current library Shelving location Date acquired Cost, normal purchase price SGTU Total Checkouts Full call number Accession No. (Barcode) Date last seen Bill Date Koha item type
    Dewey Decimal Classification     LAW SGT Science & Social Sciences Library SGT Science & Social Sciences Library Text Book 29/09/2023 300.00 SGTU   346.4107 KAP FL3073 29/09/2023 29/09/2023 Books